En el campo eclesiástico (Record no. 77463)

MARC details
000 -LEADER
campo de control de longitud fija 00478nam a2200157 i 4500
001 - NÚMERO DE CONTROL
campo de control 77463
003 - IDENTIFICADOR DE NÚMERO DE CONTROL
campo de control ES-MaACL
007 - CAMPO FIJO DE DESCRIPCIÓN FÍSICA--INFORMACIÓN GENERAL
campo de control de longitud fija t|
008 - DATOS DE LONGITUD FIJA--INFORMACIÓN GENERAL
campo de control de longitud fija 041018s1968 sp ||||1| rus d
100 1# - ENTRADA PRINCIPAL--NOMBRE DE PERSONA
Nombre de persona Maevskii, Vladimir.
9 (RLIN) 75419
245 10 - MENCIÓN DEL TÍTULO
Título En el campo eclesiástico
Resto del título : informaciones históricas /
Mención de responsabilidad, etc. Vl. Maevskii.
260 ## - PUBLICACIÓN, DISTRIBUCIÓN, ETC.
Lugar de publicación, distribución, etc. Madrid :
Nombre del editor, distribuidor, etc. [s.n.],
Fecha de publicación, distribución, etc. 1968 (
Fabricante Imp. Suc. Vda. G. Sèz)
300 ## - DESCRIPCIÓN FÍSICA
Extensión 318 p., 1 h. ;
Dimensiones 24 cm.
500 ## - NOTA GENERAL
Nota general Texto en ruso.
852 ## - LOCALIZACIÓN
Ubicación ES-MaACL
Número de control de estantería B-8573
Sublocalización o colección R.65697
Holdings
Estatus retirado Estado de pérdida Estado de daño No para préstamo Biblioteca de origen Biblioteca actual Ubicación en estantería Fecha de adquisición Fuente de adquisición Total de préstamos Signatura topográfica completa Código de barras Visto por última vez Precio de reemplazo Tipo de ítem Koha
        Biblioteca del Ateneo de Madrid Biblioteca del Ateneo de Madrid Sala Pardo Bazán 17/01/2008     B-8573 1081045 23/02/2023 23/02/2023 Libro impreso